Nasjonaldager i Europa - Statistics

General Stats
  • This quiz has been taken 9 times
  • The average score is 3 of 15
Answer Stats
Dato Land % Correct
17.Mai Norge
88%
6.Juni Sverige
67%
3.Oktober Tyskland
50%
23.April England
25%
14.Juli Frankrike
25%
3.Mars Bulgaria
20%
1.August Sveits
20%
14.Februar Estland
17%
6.Desember Finland
17%
17.Juni Island
17%
27.April Nederland
17%
23.Juni Luxembourg
14%
12.Juni Russland
14%
24.August Ukraina
13%
21.Juli Belgia
0%
5.Juni Danmark
0%
25.Mars Hellas
0%
25.Mars Kypros
0%
18.November Latvia
0%
27.August Moldova
0%
3.September San Marino
0%
15.Februar Serbia
0%
12.Oktober Spania
0%
28.Oktober Tsjekkia
0%
22.Oktober Vatikanstaten
0%
No matching quizzes found
Score Distribution
Percent of People with Each Score
Percentile by Number Answered
Your Score History
You have not taken this quiz